The Dictator Files: Porfirio Díaz - Statistics

General Stats
  • This quiz has been taken 14 times
  • The average score is 4 of 20
Answer Stats
Hint Answer % Correct
In which European city did Díaz die? Paris
86%
In what famous "Cinco de Mayo" battle did Díaz fight? Battle of Puebla
43%
Which motto did Díaz use throught his presidency, which is also Brazil's official motto? Order and Progress
43%
Who led the Mexican Revolution which ousted Díaz? Francisco I.Madero
29%
Which state was Díaz born in, the same as Benito Juárez? Oaxaca
29%
What term refers to the period during which Díaz ruled Mexico? Porfiriato
29%
When is Díaz' birthday, notable for being the eve of the Hidalgo's Grito de Dolores? September 15
29%
Which indigenous group native to Sonora did Díaz fight, deport and enslave? Yaqui
29%
What was the group of politicians, intellectuals and bussinessmen who influenced Díaz government? Científicos
14%
Which American reporter did Díaz tell during an interview that he would not seek reelecton in 1910? James Creelman
14%
Which famous victory column located in Paseo de la Reforma avenue did Díaz inagurate? Monumento a la Independenca
14%
Which "palace" is considered the greatest cultural center and opera house in Mexico and started construction under Díaz? Palacio de Bellas Artes
14%
What was Díaz official political party? Partido Liberal
14%
During which war did Díaz rise to prominence as a general? Second French Intervention in Mexico
14%
What name is given to the scandal caused by an upper-class cross-dressing ball, rumored to include Díaz son-in-law among its attendants? Dance of the forty-one
0%
Which counter-revolutionary general was the nephew of Porfirio Díaz? Félix Díaz Prieto
0%
Who was the Guatemalan president when Mexico fought alongside El Salvador, Nicaragua and Costa Rica against Guatemala? Justo Rufino Barrios
0%
Which ally of Díaz was president during 1880-1884 and was both preceeded and succeeded by Díaz in the position? Manuel González Flores
0%
What is the name given to the movement lead by Díaz in 1871 to oust Benito Juárez? Plan de la Noria
0%
Which president was overthrown by Díaz during the Plan of Tuxtepec? Sebastián Lerdo de Tejada
0%
No matching quizzes found
Score Distribution
Percent of People with Each Score
Percentile by Number Answered
Your Score History
You have not taken this quiz